000 00887nam a22002417a 4500
005 20170123162306.0
010 _aA-688407
020 _c25.00
035 _aA-688407
037 _bCen Lib/Ret
040 _aDPL
_bUR
082 _a616.12
_bچ و پ
100 _aچوپڈا ، کے یل
_9110227
245 _aاپنے دل کی حفاظت کیجئے /
_cکے ایل چوپڑا ؛ مترجم نازرددیں مینیی
246 _aApne dil ki hifazat kijiye /
_bby K.L. Chopda ; translated by Nazeeruddin Minayi
260 _aدہلی
_bمقتبہ جامہ لمیٹڈ
_c1992
270 _aاردو بازار
_bدہلی
_e110006
300 _a83p.:
_c21cm(pbk)
_bcol.ill.
650 _a دل کی بیماری
_v
_9110228
650 _aHeart disease
_998317
700 _aنازرددیں مینیی
_9110229
942 _2ddc
_cUR
_h616.12
_mچ و پ
999 _c106302
_d106302